00303nam a2200121Ia 4500008004100000020001800041041000800059082001700067100002000084245003600104260003200140300000900172240624s2009 xx und d a9788178795492 aeng a796.077bRED aDR.REDDY, R V S aSPORTS OFFICIATING AND COACHING aNew DelhibSPORTS PUBc2009 a342P